Enrique Moles y Obdulio Fernández / (Record no. 182464)
[ view plain ]
| 000 -LEADER | |
|---|---|
| campo de control de longitud fija | 01222nam a2200289 i 4500 |
| 001 - NÚMERO DE CONTROL | |
| campo de control | 182464 |
| 003 - IDENTIFICADOR DE NÚMERO DE CONTROL | |
| campo de control | ES-MaACL |
| 005 - FECHA Y HORA DE LA ÚLTIMA TRANSACCIÓN | |
| campo de control | 20230906221622.0 |
| 008 - DATOS DE LONGITUD FIJA--INFORMACIÓN GENERAL | |
| campo de control de longitud fija | 130816s2006 sp | |||| ||spa d |
| 020 ## - NÚMERO INTERNACIONAL ESTÁNDAR DEL LIBRO | |
| Número Internacional Estándar del Libro | 84-934430-3-4 |
| 080 ## - NÚMERO DE LA CLASIFICACIÓN DECIMAL UNIVERSAL | |
| Número de la Clasificación Decimal Universal | 54 Fernández y Rodríguez, Obdulio |
| 080 ## - NÚMERO DE LA CLASIFICACIÓN DECIMAL UNIVERSAL | |
| Número de la Clasificación Decimal Universal | 54 Moles, Enrique |
| 245 00 - MENCIÓN DEL TÍTULO | |
| Título | Enrique Moles y Obdulio Fernández / |
| Mención de responsabilidad, etc. | [Francisco González de Posada (coord.) ... et al. ; presentación, Juan Manuel Reol Tejada]. |
| 260 ## - PUBLICACIÓN, DISTRIBUCIÓN, ETC. | |
| Lugar de publicación, distribución, etc. | [Madrid] : |
| Nombre del editor, distribuidor, etc. | Real Academia Nacional de Farmacia, |
| Fecha de publicación, distribución, etc. | [2006] |
| 300 ## - DESCRIPCIÓN FÍSICA | |
| Extensión | 114 p. : |
| Otras características físicas | il. col. ; |
| Dimensiones | 30 cm. |
| 490 1# - MENCIÓN DE SERIE | |
| Mención de serie | Homenaje a las grandes figuras de las ciencias farmacéuticas ; |
| Designación de volumen o secuencia | 2 |
| 600 14 - PUNTO DE ACCESO ADICIONAL DE MATERIA--NOMBRE DE PERSONA | |
| Nombre de persona | Fernández y Rodríguez, Obdulio, |
| Fechas asociadas al nombre | 1883-1982 |
| 9 (RLIN) | 50192 |
| 600 14 - PUNTO DE ACCESO ADICIONAL DE MATERIA--NOMBRE DE PERSONA | |
| Nombre de persona | Moles, Enrique ( |
| Fechas asociadas al nombre | 1883-1953) |
| 9 (RLIN) | 81864 |
| 700 1# - ENTRADA AGREGADA--NOMBRE PERSONAL | |
| Nombre de persona | Fernández y Rodríguez, Obdulio, |
| Fechas asociadas al nombre | 1883-1982 |
| 9 (RLIN) | 50192 |
| 700 1# - ENTRADA AGREGADA--NOMBRE PERSONAL | |
| Nombre de persona | Moles, Enrique ( |
| Fechas asociadas al nombre | 1883-1953) |
| 9 (RLIN) | 81864 |
| 700 1# - ENTRADA AGREGADA--NOMBRE PERSONAL | |
| Nombre de persona | González de Posada, Francisco. |
| 9 (RLIN) | 58570 |
| 700 1# - ENTRADA AGREGADA--NOMBRE PERSONAL | |
| Nombre de persona | Reol, Juan Manuel. |
| 9 (RLIN) | 96251 |
| 710 2# - ENTRADA AGREGADA--NOMBRE DE ENTIDAD CORPORATIVA | |
| Nombre de entidad corporativa o nombre de jurisdicción como elemento de entrada | Real Academia Nacional de Farmacia (España) |
| 9 (RLIN) | 148565 |
| 830 1# - PUNTO DE ACCESO ADICIONAL DE SERIE-TÍTULO UNIFORME | |
| Título uniforme | Homenaje a las grandes figuras de las ciencias farmacéuticas ; |
| Designación de volumen o secuencia | 2 |
| 9 (RLIN) | 224835 |
| 852 ## - LOCALIZACIÓN | |
| Ubicación | ES-MaACL |
| Número de control de estantería | 2325-F-26 |
| Estatus retirado | Estado de pérdida | Estado de daño | No para préstamo | Colección | Biblioteca de origen | Biblioteca actual | Ubicación en estantería | Fecha de adquisición | Fuente de adquisición | Total de préstamos | Signatura topográfica completa | Código de barras | Visto por última vez | Precio de reemplazo | Tipo de ítem Koha |
|---|---|---|---|---|---|---|---|---|---|---|---|---|---|---|---|
| Colección de folletos | Biblioteca del Ateneo de Madrid | Biblioteca del Ateneo de Madrid | Depósito folletos | 16/08/2013 | 2325-F-26 | 1191744 | 23/02/2023 | 23/02/2023 | Folleto |
